Central Library OPAC University of Rajshahi

Frequency analysis, modulation and noise / (Record no. 73582)

MARC details
000 -LEADER
fixed length control field 00833nam a2200277 a 4500
001 - CONTROL NUMBER
control field 73582
003 - CONTROL NUMBER IDENTIFIER
rucl marc code BD-RjUL
005 - DATE AND TIME OF LATEST TRANSACTION
control field 20211209082420.0
008 - FIXED-LENGTH DATA ELEMENTS--GENERAL INFORMATION
fixed length control field 170604s1948 nyua 001 0 eng
035 ## - SYSTEM CONTROL NUMBER
System control number (BD-RjUL)73800
040 ## - CATALOGING SOURCE
Original cataloging agency PLF
Transcribing agency PLF
Modifying agency MYG
-- BD-RjUL
Language of cataloging eng
041 ## - LANGUAGE CODE
Language code of text/sound track or separate title eng
082 ## - DEWEY DECIMAL CLASSIFICATION NUMBER
Edition number 23
Classification number 621.384
Author mark and year STF 1948
090 ## - LOCALLY ASSIGNED LC-TYPE CALL NUMBER (OCLC); LOCAL CALL NUMBER (OCLC)
Classification number (OCLC) (R) ; Classification number, CALL (RLIN) (NR) TK6553
Local cutter number (OCLC) ; Book number/undivided call number, CALL (RLIN) .G619
099 ## - LOCAL FREE-TEXT CALL NUMBER (OCLC)
Bangla Class number TK6553.G619
100 1# - MAIN ENTRY--PERSONAL NAME
Personal name Goldman, Stanford.
9 (RLIN) 217730
245 10 - TITLE STATEMENT
Title Frequency analysis, modulation and noise /
Statement of responsibility, etc. Stanford Goldman
260 ## - PUBLICATION, DISTRIBUTION, ETC. (IMPRINT)
Place of publication, distribution, etc. New York :
Name of publisher, distributor, etc. McGraw-Hill,
Date of publication, distribution, etc. 1948.
300 ## - PHYSICAL DESCRIPTION
Pagination xiv, 434 p. :
Illustrations ill. ;
Size 24 cm.
490 1# - SERIES STATEMENT
Series statement Radio communication series
650 #0 - SUBJECT ADDED ENTRY--TOPICAL TERM
Topical term or geographic name as entry element Radio frequency.
9 (RLIN) 217731
Topical term or geographic name as entry element Mathematical physics.
9 (RLIN) 217732
Topical term or geographic name as entry element Radio
General subdivision Interference.
9 (RLIN) 217733
830 #0 - SERIES ADDED ENTRY--UNIFORM TITLE
Uniform title Radio communication series.
942 ## - ADDED ENTRY ELEMENTS (KOHA)
Source of classification or shelving scheme Dewey Decimal Classification
Koha item type Books
Holdings
Lost status Source of classification or shelving scheme Damaged status Not for loan Collection code Permanent Location Current Location Shelving location Date acquired Source of acquisition Cost, normal purchase price Total Checkouts Full call number Date last seen Copy number Koha item type
  Dewey Decimal Classification   Not For Loan Non-fiction Central Library, University of Rajshahi Central Library, University of Rajshahi Reading Room 07/05/1964 Zeetlinger 31.06   621.384 STF 1948 04/06/2017 C-1 Books
  Dewey Decimal Classification     Non-fiction Central Library, University of Rajshahi Central Library, University of Rajshahi   07/05/1964 Zeetlinger 31.06   621.384 STF 1948 04/06/2017 C-2 Books